Účtovná závierka a jej analýza v časovom rade diplomová práca

Enregistré dans:
Détails bibliographiques
Auteur principal: Pavličová, Nikoleta
Collectivité auteur: Podnikovohospodárska fakulta EU so sídlom v Košiciach. Katedra účtovníctva a financií
Autres auteurs: Škultéty, Jozef
Format: Livre
Langue:slovaque
Publié: Košice 2014
Tags: Ajouter un tag
Pas de tags, Soyez le premier à ajouter un tag!

MARC

LEADER 00000nbm a2200000 4500
001 0187070
005 20170201084730.9
041 0 |a slo 
044 |a SK 
245 1 0 |a Účtovná závierka a jej analýza v časovom rade  |b diplomová práca  |c Nikoleta Pavličová ; školiteľ: Jozef Škultéty 
264 1 |a Košice  |c 2014 
300 |a 78 s. 
100 1 |a Pavličová, Nikoleta 
700 1 |a Škultéty, Jozef 
710 2 |a Podnikovohospodárska fakulta EU so sídlom v Košiciach. Katedra účtovníctva a financií